[Event "11th Reykjavik op"]
[Site "Reykjavik ISL"]
[Date "1984.02.16"]
[Round "3"]
[White "Bergmann, Throstur"]
[Black "Taylor, Gordon"]
[Result "1-0"]
[WhiteElo "2240"]
[BlackElo "2325"]
[EventDate "1984.02.14"]
[PlyCount "95"]

1.Nf3 c5 2.c4 Nf6 3.Nc3 d5 4.cxd5 Nxd5 5.e4 Nb4 6.Bc4 Nd3+ 7.Ke2 Nf4+ 8.
Kf1 Ne6 9.b4 cxb4 10.Nd5 g6 11.Bb2 Bg7 12.Bxg7 Nxg7 13.Nxb4 O-O 14.h3 Qd6 
15.Nd5 Be6 16.g3 b5 17.Bb3 Nc6 18.d4 Na5 19.Ne3 Bc4+ 20.Kg2 Rac8 21.Qd2 
Qb6 22.Bc2 Rfd8 23.Ng4 f6 24.d5 Nb7 25.Nd4 Nc5 26.Qe3 Rf8 27.Bb3 Bxb3 28.
axb3 h5 29.Nh2 e6 30.Nc6 Rc7 31.Rhc1 Nd7 32.Ne7+ Kf7 33.Qxb6 axb6 34.Rxc7 
Kxe7 35.Rxd7+ Kxd7 36.Ra7+ Kd6 37.Rxg7 exd5 38.exd5 Kxd5 39.Rxg6 Kd4 40.
Rh6 Kc3 41.Rxh5 b4 42.Ng4 Kxb3 43.Ne3 Ka4 44.Rh4 Kb5 45.Nd5 b3 46.Rb4+ Kc5
47.Rxb3 Kxd5 48.Rxb6 1-0

[Event "11th Reykjavik op"]
[Site "Reykjavik ISL"]
[Date "1984.02.16"]
[Round "3"]
[White "Bjarnason, Saevar"]
[Black "Einarsson, Halldor"]
[Result "1/2-1/2"]
[WhiteElo "2375"]
[BlackElo "2285"]
[EventDate "1984.02.14"]
[PlyCount "71"]

1.Nf3 Nf6 2.g3 g6 3.Bg2 Bg7 4.O-O O-O 5.c4 d6 6.d4 Nc6 7.Nc3 a6 8.h3 Rb8 
9.e4 b5 10.e5 dxe5 11.dxe5 Nd7 12.e6 fxe6 13.Ng5 Nd4 14.Be3 Nc5 15.Nd5 e5 
16.cxb5 h6 17.Rc1 Rxb5 18.b4 Bb7 19.a4 Nxa4 20.Nxc7 hxg5 21.Nxb5 Bxg2 22.
Nxd4 exd4 23.Kxg2 Qd5+ 24.Kg1 Nb2 25.Qd2 Nc4 26.Rxc4 Qxc4 27.Bxg5 e5 28.
Bh6 Qf7 29.Bxg7 Kxg7 30.Qe2 Qf6 31.Qe4 Rf7 32.Kg2 Qf5 33.Qe2 e4 34.Re1 Kh7
35.Kg1 Qf6 36.h4 1/2-1/2

[Event "11th Reykjavik op"]
[Site "Reykjavik ISL"]
[Date "1984.02.16"]
[Round "3"]
[White "Burger, Karl"]
[Black "Jonsson, Bjorgvin"]
[Result "0-1"]
[WhiteElo "2305"]
[BlackElo "2255"]
[EventDate "1984.02.14"]
[PlyCount "72"]

1.d4 Nf6 2.c4 c5 3.d5 b5 4.cxb5 a6 5.e3 e6 6.dxe6 fxe6 7.Nc3 Be7 8.Nf3 Bb7
9.bxa6 Nxa6 10.Be2 O-O 11.O-O d5 12.b3 Nc7 13.Bb2 Bd6 14.Na4 Nd7 15.Nd2 d4
16.e4 Rf6 17.g3 Rg6 18.Bh5 Rh6 19.Nc4 Nf6 20.e5 Bxe5 21.Bf3 Bxf3 22.Qxf3 
Bd6 23.Bc1 Rh5 24.Bd2 Ncd5 25.Rfe1 e5 26.Rac1 Rc8 27.Nxd6 Qxd6 28.Nb2 e4 
29.Qg2 Re8 30.g4 Nxg4 31.Qxg4 Qxh2+ 32.Kf1 e3 33.Qg2 Rf8 34.Bxe3 Nxe3+ 35.
Rxe3 dxe3 36.Nd3 e2+ 0-1

[Event "11th Reykjavik op"]
[Site "Reykjavik ISL"]
[Date "1984.02.16"]
[Round "3"]
[White "Byrne, Robert"]
[Black "Thorsteins, Karl"]
[Result "0-1"]
[WhiteElo "2520"]
[BlackElo "2375"]
[EventDate "1984.02.14"]
[PlyCount "64"]

1.e4 c5 2.Nf3 Nc6 3.d4 cxd4 4.Nxd4 Nf6 5.Nc3 d6 6.Bg5 e6 7.Qd2 Be7 8.O-O-O
O-O 9.f4 h6 10.Bh4 e5 11.Nf5 Bxf5 12.exf5 exf4 13.Qxf4 d5 14.Bb5 a6 15.Ba4
b5 16.Bb3 d4 17.Bxf6 Bxf6 18.Ne4 Be5 19.Qf3 a5 20.a4 bxa4 21.Bxa4 Qb6 22.
Nd2 Nb4 23.Nc4 Qc5 24.Nxe5 Qxe5 25.f6 d3 26.cxd3 Rfc8+ 27.Kb1 Qe6 28.b3 
Nd5 29.Rde1 Nc3+ 30.Kb2 Nxa4+ 31.bxa4 Rcb8+ 32.Ka1 Qb3 0-1

[Event "11th Reykjavik op"]
[Site "Reykjavik ISL"]
[Date "1984.02.16"]
[Round "3"]
[White "Chandler, Murray Graham"]
[Black "Meyer, Holger"]
[Result "1/2-1/2"]
[WhiteElo "2515"]
[BlackElo "2305"]
[EventDate "1984.02.14"]
[PlyCount "93"]

1.e4 e6 2.d4 d5 3.Nd2 Nf6 4.e5 Nfd7 5.Bd3 c5 6.c3 Nc6 7.Ngf3 cxd4 8.cxd4 
f6 9.exf6 Nxf6 10.O-O Bd6 11.Re1 O-O 12.Nb3 Qc7 13.Bg5 Ng4 14.g3 Qf7 15.
Be2 e5 16.dxe5 Ncxe5 17.Bf4 Nxf2 18.Kxf2 Ng4+ 19.Kg1 Bxf4 20.gxf4 Ne3 21.
Qd4 Nc2 22.Qd2 Nxa1 23.Rxa1 Qxf4 24.Qxd5+ Kh8 25.Qe5 Bg4 26.Qxf4 Rxf4 27.
Nfd4 Bh3 28.Bf1 Rg4+ 29.Kh1 Bxf1 30.Rxf1 Re8 31.h3 Rg3 32.Kh2 Rd3 33.Kg2 
g6 34.Rf2 a5 35.Nf3 b6 36.Nbd4 Re4 37.Nc6 Rd5 38.a3 Kg7 39.Rc2 g5 40.Rf2 
h5 41.Rc2 g4 42.hxg4 hxg4 43.Nfd4 Rdxd4 44.Nxd4 Rxd4 45.Rc7+ Kf6 46.Rc6+ 
Kf5 47.Rxb6 1/2-1/2

[Event "11th Reykjavik op"]
[Site "Reykjavik ISL"]
[Date "1984.02.16"]
[Round "3"]
[White "Cramling, Pia"]
[Black "Ostermeyer, Peter"]
[Result "1/2-1/2"]
[WhiteElo "2405"]
[BlackElo "2460"]
[EventDate "1984.02.14"]
[PlyCount "92"]

1.e4 c5 2.Nf3 d6 3.d4 Nf6 4.Nc3 cxd4 5.Nxd4 a6 6.f4 Qc7 7.a4 g6 8.Bd3 Bg7 
9.Nf3 Bg4 10.O-O O-O 11.Qe1 Bxf3 12.Rxf3 Nbd7 13.Kh1 Rac8 14.Bd2 Qc5 15.a5
e6 16.Ra4 Rfe8 17.Be3 Qc7 18.Qh4 Qd8 19.Bd2 Nc5 20.Ra1 d5 21.e5 Nfe4 22.
Qxd8 Rexd8 23.Bxe4 Nxe4 24.Nxe4 dxe4 25.Rc3 f6 26.exf6 Bxf6 27.Rxc8 Rxc8 
28.c3 Rd8 29.Be3 Rd3 30.Re1 Bd8 31.Kg1 Bxa5 32.Kf2 Kf7 33.Ra1 Bc7 34.Ra4 
Rd1 35.Rxe4 b5 36.b4 h5 37.g3 Rb1 38.h3 h4 39.gxh4 Bd8 40.Kg3 Re1 41.Kf3 
Bf6 42.Bd4 Rf1+ 43.Kg4 Bxd4 44.Rxd4 Rg1+ 45.Kf3 Rc1 46.Rd3 Kf6 1/2-1/2

[Event "11th Reykjavik op"]
[Site "Reykjavik ISL"]
[Date "1984.02.16"]
[Round "3"]
[White "Gretarsson, Andri Ass"]
[Black "Bjornsson, Tomas"]
[Result "1/2-1/2"]
[WhiteElo "2225"]
[BlackElo "2220"]
[EventDate "1984.02.14"]
[PlyCount "110"]

1.e4 c5 2.Nf3 d6 3.g3 Nf6 4.d3 Nc6 5.Bg2 g6 6.O-O Bg7 7.c3 O-O 8.Re1 Bg4 
9.h3 Bd7 10.d4 cxd4 11.cxd4 e5 12.Nc3 Qc8 13.Kh2 Nxd4 14.Nxd4 exd4 15.Ne2 
Qc5 16.Nxd4 Qxd4 17.Qxd4 Ng4+ 18.hxg4 Bxd4 19.f3 Rfc8 20.Rd1 Be5 21.Bf4 
Be6 22.Rd2 Rc6 23.Be3 Rc7 24.f4 Bg7 25.f5 Bd7 26.Rad1 Be5 27.Bf4 Bc6 28.g5
Re8 29.f6 h6 30.gxh6 Kh7 31.Bg5 Bd7 32.Bf3 Rec8 33.Kg2 Be6 34.b3 b5 35.Kf2
b4 36.Be3 Bxf6 37.Rxd6 Rc2+ 38.R6d2 R2c7 39.Bf4 Rc3 40.e5 Be7 41.Be4 a5 
42.Rd3 a4 43.Rxc3 Rxc3 44.Bd2 Rc7 45.Rb1 axb3 46.axb3 Ra7 47.Rb2 Ra5 48.
Bd3 Bc5+ 49.Kf3 Ra3 50.Ke2 Rxb3 51.Rxb3 Bxb3 52.Bc1 Be6 53.Kf3 b3 54.g4 
Bd4 55.Bf4 Bc5 {..} 1/2-1/2

[Event "11th Reykjavik op"]
[Site "Reykjavik ISL"]
[Date "1984.02.16"]
[Round "3"]
[White "Halldorsson, Bragi"]
[Black "Gudmundsson, Elvar"]
[Result "0-1"]
[WhiteElo "2250"]
[BlackElo "2330"]
[EventDate "1984.02.14"]
[PlyCount "58"]

1.d4 Nf6 2.c4 e6 3.Nc3 d5 4.Nf3 Be7 5.Bg5 h6 6.Bh4 O-O 7.e3 b6 8.Rc1 Bb7 
9.Bd3 c5 10.O-O Nbd7 11.Qe2 dxc4 12.Bxc4 Ne4 13.Bg3 Nxg3 14.hxg3 a6 15.
Rfd1 b5 16.dxc5 bxc4 17.Ne5 Nxe5 18.Rxd8 Rfxd8 19.Na4 Rac8 20.b4 cxb3 21.
axb3 Nd3 22.Rb1 Nxc5 23.Nb6 Rb8 24.Nc4 Be4 25.Ra1 Bd3 26.Qg4 Nxb3 27.Rxa6 
Rb4 28.Rc6 Na5 29.Rxe6 Rxc4 0-1

[Event "11th Reykjavik op"]
[Site "Reykjavik ISL"]
[Date "1984.02.16"]
[Round "3"]
[White "Hansson, Dan"]
[Black "Olafsson, Fridrik"]
[Result "0-1"]
[WhiteElo "2320"]
[BlackElo "2495"]
[EventDate "1984.02.14"]
[PlyCount "76"]

1.e4 e5 2.Nf3 Nc6 3.Bb5 a6 4.Ba4 Nf6 5.O-O Be7 6.Re1 b5 7.Bb3 d6 8.c3 O-O 
9.d4 Bg4 10.h3 Bxf3 11.gxf3 Na5 12.Bc2 Nh5 13.f4 Nxf4 14.Bxf4 exf4 15.Qf3 
c5 16.dxc5 Nc4 17.Qxf4 Bg5 18.Qg3 Qf6 19.cxd6 Ne5 20.Rd1 Rad8 21.a4 Bf4 
22.Qg2 Rxd6 23.Rxd6 Qxd6 24.axb5 axb5 25.Na3 b4 26.Rd1 Qb8 27.cxb4 Qxb4 
28.Rb1 Rc8 29.Bd1 Qe1+ 30.Qf1 Qxe4 31.Qe2 Qg6+ 32.Kh1 Qf5 33.Qh5 Qe4+ 34.
Kg1 Rc6 35.Bc2 Rxc2 36.Nxc2 Nf3+ 37.Kf1 Nd2+ 38.Kg1 Nxb1 0-1

[Event "11th Reykjavik op"]
[Site "Reykjavik ISL"]
[Date "1984.02.16"]
[Round "3"]
[White "Haraldsson, Haraldur"]
[Black "Arnason, Asgeir Thor"]
[Result "1/2-1/2"]
[WhiteElo "2215"]
[BlackElo "2260"]
[EventDate "1984.02.14"]
[PlyCount "45"]

1.e4 e5 2.Nf3 Nc6 3.Bb5 a6 4.Ba4 Nf6 5.O-O b5 6.Bb3 Be7 7.Re1 O-O 8.c3 d6 
9.h3 Na5 10.Bc2 c5 11.d4 Qc7 12.Nbd2 cxd4 13.cxd4 Bb7 14.d5 Bc8 15.Nf1 Bd7
16.Ng3 g6 17.Bg5 Rfc8 18.Bd3 Qd8 19.Qd2 Nc4 20.Qc1 Nb6 21.Qd2 Nc4 22.Qc1 
Nb6 23.Qd2 1/2-1/2

[Event "11th Reykjavik op"]
[Site "Reykjavik ISL"]
[Date "1984.02.16"]
[Round "3"]
[White "Lagerman, Robert"]
[Black "McCambridge, Vincent"]
[Result "1/2-1/2"]
[WhiteElo "2295"]
[BlackElo "2465"]
[EventDate "1984.02.14"]
[PlyCount "42"]

1.e4 c5 2.Nf3 d6 3.d4 cxd4 4.Nxd4 Nf6 5.Nc3 g6 6.Be3 Bg7 7.f3 O-O 8.Qd2 
Nc6 9.O-O-O d5 10.exd5 Nxd5 11.Nxc6 bxc6 12.Bd4 e5 13.Bc5 Re8 14.Nxd5 cxd5
15.Qxd5 Qxd5 16.Rxd5 Be6 17.Rd6 Bxa2 18.b3 Rec8 19.Rd5 a5 20.Kb2 a4 21.
Kxa2 axb3+ 1/2-1/2

[Event "11th Reykjavik op"]
[Site "Reykjavik ISL"]
[Date "1984.02.16"]
[Round "3"]
[White "Hjartarson, Johann"]
[Black "Reshevsky, Samuel Herman"]
[Result "1/2-1/2"]
[WhiteElo "2415"]
[BlackElo "2460"]
[EventDate "1984.02.14"]
[PlyCount "84"]

1.e4 e5 2.Nf3 Nc6 3.Bb5 a6 4.Ba4 Nf6 5.O-O Be7 6.Re1 b5 7.Bb3 d6 8.c3 O-O 
9.h3 Nb8 10.d4 Nbd7 11.Nbd2 Bb7 12.Bc2 d5 13.dxe5 Nxe4 14.Nxe4 dxe4 15.
Bxe4 Bxe4 16.Rxe4 Nxe5 17.Rd4 Nxf3+ 18.Qxf3 Qc8 19.Qc6 Bd6 20.Bf4 Bxf4 21.
Rxf4 Qe8 22.Qxc7 Qe2 23.b4 Rac8 24.Qb7 Rxc3 25.a3 Qb2 26.Re1 Rc1 27.Qe4 
Qxa3 28.Rxc1 Qxc1+ 29.Kh2 Qc7 30.g3 Qd7 31.h4 Re8 32.Qc2 h6 33.Qb3 Re1 34.
Qf3 Re8 35.Qb3 Re6 36.Qf3 Qe7 37.Qa8+ Kh7 38.Qf3 Rf6 39.Rxf6 gxf6 40.Qf5+ 
Kg7 41.Qg4+ Kh7 42.Qf5+ Kg7 1/2-1/2

[Event "11th Reykjavik op"]
[Site "Reykjavik ISL"]
[Date "1984.02.16"]
[Round "3"]
[White "Hoei, Carsten"]
[Black "Gutman, Lev"]
[Result "1-0"]
[WhiteElo "2400"]
[BlackElo "2480"]
[EventDate "1984.02.14"]
[PlyCount "57"]

1.e4 c5 2.c3 Nf6 3.e5 Nd5 4.Nf3 d6 5.d4 cxd4 6.cxd4 Nc6 7.Bc4 Nb6 8.Bb5 
dxe5 9.Nxe5 Bd7 10.Bxc6 Bxc6 11.Nxc6 bxc6 12.O-O e6 13.Qg4 h5 14.Qf3 Qd5 
15.Qd3 c5 16.Nc3 Qxd4 17.Qf3 Qd7 18.Bg5 f6 19.Rad1 Qc8 20.Bc1 Be7 21.Rfe1 
h4 22.a4 a5 23.Nb5 O-O 24.Nd6 Bxd6 25.Rxd6 Nc4 26.Rdxe6 Ne5 27.Qd5 Rf7 28.
R1xe5 fxe5 29.Re7 1-0

[Event "11th Reykjavik op"]
[Site "Reykjavik ISL"]
[Date "1984.02.16"]
[Round "3"]
[White "Josteinsson, Leifur"]
[Black "Benedictsson, Benony"]
[Result "1-0"]
[WhiteElo "2275"]
[BlackElo "2355"]
[EventDate "1984.02.14"]
[PlyCount "93"]

1.d4 d5 2.c4 dxc4 3.Nc3 c6 4.a4 e5 5.dxe5 Qxd1+ 6.Kxd1 Be6 7.Nf3 Na6 8.Bg5
f6 9.exf6 gxf6 10.Bd2 O-O-O 11.e3 Bb4 12.Nd4 Bxc3 13.bxc3 Bf7 14.Be2 h5 
15.g4 h4 16.g5 fxg5 17.Bg4+ Kc7 18.Be6 Rf8 19.e4 Nc5 20.Bf5 Nf6 21.f3 Bh5 
22.Kc2 Bxf3 23.Nxf3 Nfxe4 24.Bxe4 Nxe4 25.Nxg5 Nxg5 26.Bxg5 Rf2+ 27.Kb1 
Rh5 28.Rg1 a5 29.Ra2 Rxa2 30.Kxa2 b5 31.Ka3 Kd6 32.Bf4+ Ke6 33.Rg5 Rh7 34.
Rc5 Rf7 35.Re5+ Kd7 36.Re4 Rg7 37.Be3 Rg2 38.Rxh4 Rc2 39.Bd4 Ke6 40.Rh5 
bxa4 41.h4 Rh2 42.Re5+ Kf7 43.h5 Rh1 44.Rxa5 Ra1+ 45.Kb4 a3 46.Kxc4 Rh1 
47.Kb3 1-0

[Event "11th Reykjavik op"]
[Site "Reykjavik ISL"]
[Date "1984.02.16"]
[Round "3"]
[White "Karlsson, Agust Sindri"]
[Black "Ree, Hans"]
[Result "0-1"]
[WhiteElo "2285"]
[BlackElo "2480"]
[EventDate "1984.02.14"]
[PlyCount "66"]

1.c4 g6 2.g3 Bg7 3.Bg2 c5 4.Nc3 Nc6 5.b3 e6 6.Bb2 Nge7 7.Na4 Bxb2 8.Nxb2 
d5 9.Nf3 O-O 10.Rc1 b6 11.cxd5 Nxd5 12.d4 Nxd4 13.Nxd4 cxd4 14.Qxd4 Bb7 
15.O-O Qe7 16.Nd3 Rfd8 17.Qa4 Rac8 18.Rxc8 Rxc8 19.e4 Nc3 20.Qxa7 Qc7 21.
Qa3 Ra8 22.Qb4 Ba6 23.e5 Rd8 24.Nb2 Bxf1 25.Bxf1 Nxa2 26.Qf4 Nc3 27.Nc4 
Nd5 28.Qh6 Ne7 29.g4 Qc5 30.Qg5 Nc6 31.Qf6 Qd4 32.Qg5 h6 33.Qxh6 Qxg4+ 0-1

[Event "11th Reykjavik op"]
[Site "Reykjavik ISL"]
[Date "1984.02.16"]
[Round "3"]
[White "Knezevic, Milorad"]
[Black "Jonasson, Benedikt"]
[Result "1/2-1/2"]
[WhiteElo "2450"]
[BlackElo "2210"]
[EventDate "1984.02.14"]
[PlyCount "35"]

1.d4 Nf6 2.c4 e6 3.Nf3 b6 4.e3 Be7 5.Bd3 d5 6.b3 O-O 7.O-O Bb7 8.Bb2 c5 9.
Nc3 Nbd7 10.Qe2 dxc4 11.bxc4 Qc7 12.Rad1 cxd4 13.exd4 Rfe8 14.Nb5 Qc6 15.
Rc1 Bf8 16.Qd2 a6 17.Nc3 Qc7 18.Be2 1/2-1/2

[Event "11th Reykjavik op"]
[Site "Reykjavik ISL"]
[Date "1984.02.16"]
[Round "3"]
[White "Kristjansson, Bragi"]
[Black "Halldorsson, Gudmundur"]
[Result "1/2-1/2"]
[WhiteElo "2295"]
[BlackElo "2260"]
[EventDate "1984.02.14"]
[PlyCount "48"]

1.e4 e5 2.Nf3 Nc6 3.Nc3 Nf6 4.Bb5 Bb4 5.O-O O-O 6.d3 Bxc3 7.bxc3 d6 8.Re1 
Ne7 9.d4 Ng6 10.dxe5 dxe5 11.Ba3 Bg4 12.Bxf8 Qxd1 13.Rexd1 Kxf8 14.Rd3 
Nxe4 15.Re3 Bxf3 16.Rxf3 Nd6 17.Rb1 Rd8 18.Rd1 Ke7 19.Be2 f6 20.Re3 Nf4 
21.g3 Ne6 22.Bg4 Nc5 23.Be2 Rf8 24.Bf1 Re8 1/2-1/2

[Event "11th Reykjavik op"]
[Site "Reykjavik ISL"]
[Date "1984.02.16"]
[Round "3"]
[White "Lobron, Eric"]
[Black "Hector, Jonny"]
[Result "1-0"]
[WhiteElo "2520"]
[BlackElo "2350"]
[EventDate "1984.02.14"]
[PlyCount "55"]

1.e4 c5 2.Ne2 e6 3.Nbc3 Nf6 4.g3 d5 5.exd5 exd5 6.d4 Bg4 7.Bg2 cxd4 8.Qxd4
Nc6 9.Qa4 Qd7 10.Bg5 Bb4 11.Bxf6 Bxe2 12.Kxe2 gxf6 13.Rhd1 O-O-O 14.Kf1 
Bxc3 15.bxc3 Qf5 16.Rab1 Rd6 17.c4 Qd7 18.cxd5 Ne5 19.Qxa7 Ra6 20.Qc5+ Kb8
21.d6 Ra7 22.Qb5 Rc8 23.Qxd7 Nxd7 24.Bh3 Rd8 25.Rd5 Ne5 26.Rc5 Rxa2 27.d7 
Rxd7 28.Rxe5 1-0

[Event "11th Reykjavik op"]
[Site "Reykjavik ISL"]
[Date "1984.02.16"]
[Round "3"]
[White "Ornstein, Axel"]
[Black "Arnason, Jon"]
[Result "0-1"]
[WhiteElo "2405"]
[BlackElo "2500"]
[EventDate "1984.02.14"]
[PlyCount "80"]

1.e4 c5 2.Nf3 e6 3.d4 cxd4 4.Nxd4 Nf6 5.Nc3 Nc6 6.Ndb5 d6 7.Bf4 e5 8.Bg5 
a6 9.Na3 Be6 10.Nc4 Rc8 11.Bxf6 gxf6 12.Bd3 Rg8 13.Ne3 Bh6 14.Ncd5 f5 15.
Nxf5 Bxf5 16.Qh5 Be6 17.Qxh6 Bxd5 18.exd5 Qa5+ 19.c3 Qxd5 20.Qxh7 Qxg2 21.
Be4 Qg7 22.Qxg7 Rxg7 23.h4 Ke7 24.h5 Rh8 25.h6 Rxh6 26.Rxh6 Rg1+ 27.Kd2 
Rxa1 28.Bd5 Rf1 29.Ke2 Rb1 30.b4 Rb2+ 31.Ke1 Rc2 32.Rh3 Nd8 33.Bb3 Rb2 34.
Bd5 b6 35.Bc4 b5 36.Bb3 Ne6 37.Rh7 e4 38.Bd5 Ng5 39.Rg7 Nf3+ 40.Kf1 Rb1+ 
0-1

[Event "11th Reykjavik op"]
[Site "Reykjavik ISL"]
[Date "1984.02.16"]
[Round "3"]
[White "Schneider, Lars-Aake"]
[Black "Petursson, Palmi"]
[Result "1-0"]
[WhiteElo "2440"]
[BlackElo "2370"]
[EventDate "1984.02.14"]
[PlyCount "61"]

1.c4 Nf6 2.Nf3 g6 3.b4 Bg7 4.Bb2 O-O 5.g3 d6 6.Bg2 a5 7.b5 c6 8.bxc6 bxc6 
9.O-O Bf5 10.Nc3 Qc8 11.Na4 Ra6 12.Bc3 Bh3 13.Rb1 Bxg2 14.Kxg2 c5 15.Qb3 
Qe6 16.d3 Nbd7 17.Qc2 Nh5 18.Bxg7 Nxg7 19.Rb7 Ne5 20.Nxe5 Qxe5 21.Nb6 Qh5 
22.Nd5 Nf5 23.Rxe7 Qg5 24.Rb7 Nd4 25.Qb2 Qe5 26.e3 Ne6 27.Nf6+ Kg7 28.Qxe5
dxe5 29.Nd7 Rd8 30.Nxe5 Kf6 31.f4 1-0

[Event "11th Reykjavik op"]
[Site "Reykjavik ISL"]
[Date "1984.02.16"]
[Round "3"]
[White "Solmundarson, Magnus"]
[Black "Petursson, Margeir"]
[Result "1/2-1/2"]
[WhiteElo "2265"]
[BlackElo "2465"]
[EventDate "1984.02.14"]
[PlyCount "91"]

1.c4 c5 2.Nf3 Nc6 3.g3 Nf6 4.Bg2 d5 5.cxd5 Nxd5 6.Nc3 e6 7.O-O Be7 8.d4 
O-O 9.e4 Nb6 10.dxc5 Bxc5 11.Qe2 e5 12.Rd1 Bd4 13.Be3 Bg4 14.h3 Bxf3 15.
Bxf3 Qd6 16.Nb5 Qb4 17.Bxd4 exd4 18.a3 Qa4 19.b3 Qxb3 20.Nxd4 Nxd4 21.Rxd4
Qc3 22.Qd1 Rae8 23.a4 Re5 24.Bg2 g6 25.Rc1 Qa3 26.Rc7 Rc5 27.Rxc5 Qxc5 28.
Kh2 Nc4 29.Kg1 Ne5 30.Rd5 Qc7 31.f4 Nc6 32.Rd7 Qb6+ 33.Kh2 Rd8 34.e5 Rxd7 
35.Qxd7 Qb2 36.h4 h5 37.Kh3 Qb1 38.e6 fxe6 39.Qxe6+ Kg7 40.Bxc6 bxc6 41.
Qxc6 Qf1+ 42.Qg2 Qb1 43.Qe2 Qh1+ 44.Qh2 Qe4 45.Qb2+ Kh7 46.Qa2 1/2-1/2

[Event "11th Reykjavik op"]
[Site "Reykjavik ISL"]
[Date "1984.02.16"]
[Round "3"]
[White "Thorhallsson, Throestur"]
[Black "Wesseln, Kai"]
[Result "0-1"]
[WhiteElo "2315"]
[BlackElo "2350"]
[EventDate "1984.02.14"]
[PlyCount "54"]

1.e4 c5 2.Nf3 Nc6 3.d4 cxd4 4.Nxd4 g6 5.Nc3 Bg7 6.Be3 Nf6 7.Nxc6 bxc6 8.e5
Ng8 9.Bd4 Qa5 10.e6 Nf6 11.exf7+ Kxf7 12.Bc4+ d5 13.Bb3 Re8 14.f4 Ba6 15.
Qf3 e6 16.O-O-O Rad8 17.g4 Kg8 18.h4 c5 19.Bxf6 Bxf6 20.Nxd5 exd5 21.Bxd5+
Kg7 22.Rh2 c4 23.g5 Bxb2+ 24.Kxb2 Rb8+ 25.Ka1 Re1 26.Rh1 Qb4 27.Bb7 c3 0-1

[Event "11th Reykjavik op"]
[Site "Reykjavik ISL"]
[Date "1984.02.16"]
[Round "3"]
[White "Zaltsman, Vitaly"]
[Black "Wedberg, Tom"]
[Result "1/2-1/2"]
[WhiteElo "2390"]
[BlackElo "2495"]
[EventDate "1984.02.14"]
[PlyCount "47"]

1.d4 Nf6 2.c4 e6 3.Nf3 c5 4.d5 exd5 5.cxd5 d6 6.Nc3 g6 7.e4 Bg7 8.Nd2 O-O 
9.Be2 Re8 10.O-O Nbd7 11.f4 c4 12.Kh1 Nc5 13.e5 dxe5 14.Nxc4 e4 15.Be3 b6 
16.Ne5 Bb7 17.Bc4 Ncd7 18.Nc6 Bxc6 19.dxc6 Nc5 20.Nb5 Nd3 21.Qb3 Qe7 22.
Rad1 Rac8 23.Nc3 Red8 24.Nxe4 1/2-1/2

[Event "11th Reykjavik op"]
[Site "Reykjavik ISL"]
[Date "1984.02.18"]
[Round "4"]
[White "Arnason, Asgeir Thor"]
[Black "Karlsson, Hilmar"]
[Result "0-1"]
[WhiteElo "2260"]
[BlackElo "2220"]
[EventDate "1984.02.14"]
[PlyCount "92"]

1.e4 e5 2.Nf3 Nf6 3.Nxe5 d6 4.Nf3 Nxe4 5.d4 Be7 6.Bd3 d5 7.O-O Nd6 8.Bf4 
O-O 9.Nbd2 Nd7 10.c3 Re8 11.Qc2 Nf8 12.Rfe1 c6 13.h3 g6 14.Rac1 Ne6 15.Bh2
Ng7 16.g4 Be6 17.Re2 Bf8 18.Rce1 f6 19.b3 Nf7 20.Bg3 Bd6 21.Bh4 Bf4 22.Kg2
Nh8 23.c4 Rc8 24.c5 Kf8 25.b4 a6 26.a4 Qd7 27.Bg3 Bxg3 28.fxg3 Nf7 29.Rf1 
f5 30.Ne5 Nxe5 31.Rxe5 Kg8 32.gxf5 Bxf5 33.Bxf5 Nxf5 34.Qd3 Rxe5 35.dxe5 
Qe6 36.Nf3 d4 37.Re1 Rf8 38.g4 Ne3+ 39.Kg3 Qd5 40.Qe2 Qe4 41.Nxd4 Qxe5+ 
42.Kh4 Qf6+ 43.Kg3 Qf4+ 44.Kh4 Qf6+ 45.Kg3 Qe5+ 46.Kh4 Ng2+ 0-1

[Event "11th Reykjavik op"]
[Site "Reykjavik ISL"]
[Date "1984.02.18"]
[Round "4"]
[White "Arnason, Jon"]
[Black "Cramling, Pia"]
[Result "1-0"]
[WhiteElo "2500"]
[BlackElo "2405"]
[EventDate "1984.02.14"]
[PlyCount "59"]

1.e4 c5 2.Nf3 e6 3.d4 cxd4 4.Nxd4 Nc6 5.Nc3 a6 6.Be2 d6 7.O-O Nf6 8.Be3 
Be7 9.f4 O-O 10.a4 Qc7 11.Kh1 Bd7 12.Nb3 b6 13.Bf3 Rab8 14.Qe2 Nb4 15.Nc1 
e5 16.Nd3 Nc6 17.Nd5 Nxd5 18.exd5 Na5 19.Nb4 Qc4 20.Qd2 Qc8 21.b3 Bf6 22.
fxe5 Bxe5 23.Bd4 Bxd4 24.Qxd4 Qc5 25.Qf4 Ra8 26.Rae1 b5 27.Re7 Be8 28.Be4 
Qb6 29.Rf3 h6 30.Rg3 1-0

[Event "11th Reykjavik op"]
[Site "Reykjavik ISL"]
[Date "1984.02.18"]
[Round "4"]
[White "Benedictsson, Benony"]
[Black "Halldorsson, Bragi"]
[Result "0-1"]
[WhiteElo "2355"]
[BlackElo "2250"]
[EventDate "1984.02.14"]
[PlyCount "74"]

1.d4 c6 2.e4 d5 3.f3 dxe4 4.fxe4 e5 5.Nf3 exd4 6.Qxd4 Qxd4 7.Nxd4 Nf6 8.
Bd3 Bc5 9.Nb3 Bb6 10.Bg5 Nbd7 11.N1d2 O-O 12.O-O-O Ng4 13.Rhf1 Nxh2 14.Rh1
Ng4 15.Rh4 Nf2 16.Nf3 Nxd1 17.Kxd1 Bd8 18.e5 h6 19.Bxd8 Rxd8 20.g4 Nf8 21.
g5 Ng6 22.Rd4 Rxd4 23.Nbxd4 Bg4 24.gxh6 Nxe5 25.h7+ Kh8 26.Ke2 Rd8 27.Ke3 
Nxf3 28.Nxf3 Bxf3 29.Kxf3 Rxd3+ 30.cxd3 Kxh7 31.Kf4 Kg6 32.Ke5 f5 33.b4 
Kg5 34.a4 f4 35.Kd6 f3 36.Kc7 f2 37.Kxb7 f1=Q 0-1

[Event "11th Reykjavik op"]
[Site "Reykjavik ISL"]
[Date "1984.02.18"]
[Round "4"]
[White "Bergmann, Throstur"]
[Black "Chandler, Murray Graham"]
[Result "0-1"]
[WhiteElo "2240"]
[BlackElo "2515"]
[EventDate "1984.02.14"]
[PlyCount "102"]

1.Nf3 d5 2.d4 c5 3.c4 e6 4.cxd5 exd5 5.Nc3 Nc6 6.g3 Nf6 7.Bg2 Be7 8.O-O 
O-O 9.dxc5 Bxc5 10.Bg5 d4 11.Ne4 Be7 12.Bxf6 Bxf6 13.Ne1 Be7 14.Nd3 Qb6 
15.Nd2 Bf5 16.Nc4 Qa6 17.b3 Rac8 18.Qd2 b5 19.Nce5 Nxe5 20.Nxe5 Qd6 21.Qf4
Bc2 22.Rac1 g5 23.Qd2 Bxb3 24.Nf3 Bc4 25.Nxd4 Bf6 26.Rfd1 Qxd4 27.Qxd4 
Bxd4 28.Rxd4 Bxa2 29.Ra1 Be6 30.Rb4 Bc4 31.Rxa7 Bxe2 32.Bd5 Bc4 33.Rd7 Kg7
34.Kg2 Kf6 35.Rb1 Rcd8 36.Bc6 Rxd7 37.Bxd7 Rb8 38.Kf3 Ke5 39.Ke3 Kd6 40.
Bf5 Kc5 41.f4 Re8+ 42.Kf3 Be2+ 43.Kf2 gxf4 44.gxf4 Bc4 45.Ra1 h5 46.Kg3 b4
47.Kh4 b3 48.h3 Rd8 49.Kxh5 Rd5 50.Kg4 Be2+ 51.Kg5 b2 0-1

[Event "11th Reykjavik op"]
[Site "Reykjavik ISL"]
[Date "1984.02.18"]
[Round "4"]
[White "Bjornsson, Tomas"]
[Black "Burger, Karl"]
[Result "0-1"]
[WhiteElo "2220"]
[BlackElo "2305"]
[EventDate "1984.02.14"]
[PlyCount "68"]

1.e4 c6 2.d4 d5 3.Nd2 dxe4 4.Nxe4 Bf5 5.Ng3 Bg6 6.h4 h6 7.Nf3 Nd7 8.h5 Bh7
9.Bd3 Bxd3 10.Qxd3 Ngf6 11.Bf4 e6 12.O-O Be7 13.c4 O-O 14.Rfe1 Re8 15.Rad1
Qa5 16.a3 b5 17.Ne5 bxc4 18.Nxc4 Qb5 19.Qe2 a5 20.Bd6 Nb6 21.Bxe7 Rxe7 22.
Ne5 Nbd5 23.Rc1 Rb7 24.Nd3 Qb6 25.Rc4 Rd8 26.Rec1 Ne7 27.Nc5 Rbb8 28.R1c2 
Rd6 29.b4 Qd8 30.Qd1 axb4 31.axb4 Rd5 32.Rd2 Ra8 33.Nb3 Ra4 34.Na5 Rdxa5 
0-1

[Event "11th Reykjavik op"]
[Site "Reykjavik ISL"]
[Date "1984.02.18"]
[Round "4"]
[White "De Firmian, Nick"]
[Black "Alburt, Lev"]
[Result "1-0"]
[WhiteElo "2515"]
[BlackElo "2515"]
[EventDate "1984.02.14"]
[PlyCount "127"]

1.e4 Nf6 2.e5 Nd5 3.d4 d6 4.Nf3 dxe5 5.Nxe5 g6 6.Bc4 Be6 7.O-O Bg7 8.Re1 
O-O 9.Bb3 c6 10.Nd2 Nc7 11.Ndf3 Bxb3 12.axb3 Nd7 13.Ng4 h5 14.Ne3 Nb6 15.
Nc4 Ne6 16.c3 Bf6 17.Bh6 Bg7 18.Qd2 Nd5 19.Nce5 Nec7 20.Rad1 Qe8 21.c4 Nb6
22.Nh4 e6 23.Bxg7 Kxg7 24.Qf4 Qe7 25.Rd3 g5 26.Rg3 Kh6 27.Qd2 Qf6 28.Rf3 
Qg7 29.Rh3 Kh7 30.Nhf3 f6 31.Rxh5+ Kg8 32.Ng4 Qg6 33.Rh6 Qg7 34.h4 gxh4 
35.Nxh4 Qxg4 36.Rg6+ Qxg6 37.Nxg6 Rf7 38.Nf4 Re7 39.Nh5 Nd7 40.Qf4 Ne8 41.
Qg4+ Kf7 42.Nf4 Ng7 43.d5 cxd5 44.cxd5 Ne5 45.dxe6+ Rxe6 46.Qd1 Rc6 47.
Qd5+ Kf8 48.g3 Re8 49.Kg2 Ne6 50.Nxe6+ Rexe6 51.Rh1 Kg7 52.Qd2 Nf7 53.Qd3 
Ng5 54.Qd7+ Kg6 55.Rh8 Rcd6 56.Qxb7 Kf5 57.Qg7 Re5 58.Qc7 Rd2 59.Qc8+ Kg6 
60.Rg8+ Kf7 61.Qf8+ Ke6 62.Qe8+ Kf5 63.Qg6+ Ke6 64.Re8+ 1-0

[Event "11th Reykjavik op"]
[Site "Reykjavik ISL"]
[Date "1984.02.18"]
[Round "4"]
[White "Einarsson, Halldor"]
[Black "Angantysson, Haukur"]
[Result "0-1"]
[WhiteElo "2285"]
[BlackElo "2395"]
[EventDate "1984.02.14"]
[PlyCount "46"]

1.e4 c5 2.Nf3 d6 3.d4 cxd4 4.Nxd4 Nf6 5.Nc3 g6 6.Be3 Bg7 7.f3 O-O 8.Qd2 
Nc6 9.O-O-O d5 10.Nxc6 bxc6 11.exd5 cxd5 12.Nxd5 Nxd5 13.Qxd5 Qc7 14.Qc5 
Qb7 15.Qa3 Bf5 16.Bd3 Rab8 17.b3 Rfc8 18.Bxf5 gxf5 19.Qa5 Qc6 20.c4 Qe6 
21.Rhe1 Rxc4+ 22.Kb1 Rcc8 23.Bd4 Rxb3+ 0-1